000 00480cam a2200169ua 4500
020 _c1695.00
041 _aeng
_h
082 _a631.584
_bPAR/OR
100 _aReddy, Parvatha P .
245 _aOrganic farming for sustainable horticulture: Principles and pracices /
_cP Parvath Reddy.
_hTextual Documents
260 _aJodhpur :
_bScientific Publishers ,
_c2008.
300 _a384 ;
_eCD.
365 _a1695.00
504 _a
942 _cBK
999 _c13277
_d13277